| 000 | 00664nam a2200205Ia 4500 | ||
|---|---|---|---|
| 003 | OSt | ||
| 005 | 20250902143729.0 | ||
| 008 | 210210b2002 xxu||||| |||| 00| 0 eng d | ||
| 040 | _cAL | ||
| 041 | _aKannada | ||
| 082 | _a417K SHET | ||
| 100 |
_aSHEILA T VARMA. _9135969 _dಶೀಲಾ ಟಿ ವರ್ಮಾ |
||
| 245 |
_aTulunadina shasanagala samskratika adhyayana. _bತುಳುನಾಡಿನ ಶಾಶನಗಳ ಸಂಸ್ಕೃತಿಯ ಅಧ್ಯಯನ |
||
| 260 |
_aBengaluru. _bJnanodaya Prakashana., _c2002 |
||
| 300 | _a304 | ||
| 650 |
_aTulunadu Shasanagalu _9135970 |
||
| 690 |
_aPaleography _9135971 |
||
| 906 | _a057916 | ||
| 942 |
_2ddc _cBK |
||
| 999 |
_c105388 _d105388 |
||